| 000 | 01114cam a2200325 a 4500 | ||
|---|---|---|---|
| 999 |
_c234652 _d234652 |
||
| 001 | 12450226 | ||
| 003 | Nust | ||
| 005 | 20170329105120.0 | ||
| 008 | 000914s2001 enkb 000 1 eng | ||
| 010 | _a 2001409492 | ||
| 020 | _a9780330450928 | ||
| 035 | _a(UkLWHE)b000082058 | ||
| 040 |
_aDLC _cDLC _dDLC |
||
| 043 | _af-ua--- | ||
| 050 | 0 | 0 |
_aPR9405.9.S5 _bW37 2001 |
| 082 | 0 | 0 |
_a823.914 _bSMI |
| 100 | 1 | _aSmith, Wilbur A. | |
| 245 | 1 | 0 |
_aWarlock / _cWilbur Smith. |
| 260 |
_aLondon : _bMacmillan, _c2001. |
||
| 300 |
_a692 p. : _bcol. maps ; _c24 cm. |
||
| 500 | _aMaps on lining papers. | ||
| 650 | 0 |
_aWarlocks _vFiction. |
|
| 651 | 0 |
_aThebes (Egypt : Extinct city) _vFiction. |
|
| 651 | 0 |
_aEgypt _xHistory _yTo 332 B.C. _vFiction. |
|
| 655 | 7 |
_aHistorical fiction. _2gsafd |
|
| 655 | 7 |
_aAdventure fiction. _2gsafd |
|
| 655 | 7 |
_aEpic fiction. _2gsafd |
|
| 906 |
_a7 _bcbc _corigres _d3 _encip _f20 _gy-gencatlg |
||
| 942 |
_2ddc _cBK |
||